[Event "ROM-ch"]
[Site "Sebes"]
[Date "2023.02.25"]
[Round "8"]
[White "Tamas, Christian Arrydan"]
[Black "Levay, Sorin"]
[Result "1/2-1/2"]
[WhiteElo "1979"]
[BlackElo "2116"]
[PlyCount "87"]
[EventDate "2023.02.19"]
[EventType "swiss"]
[EventRounds "9"]
[EventCountry "ROU"]
[SourceTitle "CBM 212 Extra"]
[Source "ChessBase"]
[SourceDate "2023.03.31"]
[SourceVersion "1"]
[SourceVersionDate "2023.03.31"]
[SourceQuality "1"]

1. d4 Nc6 2. d5 Ne5 3. e4 e6 4. f4 Ng6 5. dxe6 dxe6 6. Qxd8+ Kxd8 7. Nf3 Bc5 8. Bd3 Nf6 9. Ke2 Bd7 10. g3 Bc6 11. Be3 Bxe3 12. Kxe3 Ng4+ 13. Ke2 Re8 14. e5 Ke7 15. Nbd2 f6 16. h3 Nh6 17. exf6+ gxf6 18. Be4 Bxe4 19. Nxe4 Nf5 20. Kf2 Rad8 21. Rhe1 Kf7 22. Re2 Nd4 23. Nxd4 Rxd4 24. Rae1 b6 25. f5 Nf8 26. fxe6+ Rxe6 27. g4 Rd5 28. Ng3 Rxe2+ 29. Rxe2 Ng6 30. Nf5 h5 31. Kg3 a5 32. gxh5 Rxf5 33. hxg6+ Kxg6 34. h4 Rc5 35. b3 Rc3+ 36. Kg4 a4 37. h5+ Kf7 38. h6 Rc5 39. h7 Kg7 40. Re7+ Kh8 41. bxa4 Rxc2 42. Kf5 Rxa2 43. Kg6 Rg2+ 44. Kh6 1/2-1/2

[Event "Benidorm op U2300 18th"]
[Site "Benidorm"]
[Date "2019.12.07"]
[Round "10"]
[White "Ayza Leon, David"]
[Black "Levay, Sorin"]
[Result "1/2-1/2"]
[WhiteElo "2231"]
[BlackElo "2170"]
[PlyCount "129"]
[EventDate "2019.11.29"]
[EventType "swiss"]
[EventRounds "10"]
[EventCountry "ESP"]
[SourceTitle "EXT 2022"]
[Source "ChessBase"]
[SourceDate "2021.10.06"]
[SourceVersion "1"]
[SourceVersionDate "2021.10.06"]
[SourceQuality "1"]

1. e4 c5 2. Nf3 g6 3. d4 Bg7 4. c4 Qa5+ 5. Bd2 Qb6 6. Bc3 cxd4 7. Bxd4 Bxd4 8. Qxd4 Qxd4 9. Nxd4 Nc6 10. Nc2 d6 11. Nc3 Nf6 12. Be2 Be6 13. 0-0 g5 14. f3 Rc8 15. Nd5 Nd7 16. f4 gxf4 17. Nxf4 Nf6 18. Nxe6 fxe6 19. Rae1 Kd7 20. Bd1 Ne5 21. b3 Rhg8 22. Nd4 Rg5 23. Nf3 Nxf3+ 24. Bxf3 Re5 25. Rd1 Rcc5 26. Rd4 b6 27. h4 Rc8 28. Kh2 Rg8 29. Kh3 h5 30. g3 Rf8 31. Rfd1 Ke8 32. b4 Kf7 33. Rb1 Rc8 34. a4 Kg6 35. Rg1 Kh6 36. Rb1 Rc7 37. Rb2 Kg6 38. Rb1 Kg7 39. Rb2 a5 40. bxa5 bxa5 41. Rb5 Rec5 42. Rd3 Kh6 43. Rdb3 e5 44. Rxc5 Rxc5 45. Rb5 Rxc4 46. Rxa5 Nxe4 47. Bxe4 Rxe4 48. Ra7 Kg6 49. Rxe7 Kf6 50. Rd7 Ke6 51. Rh7 Rxa4 52. Rxh5 d5 53. Rh6+ Kf5 54. Rd6 d4 55. h5 e4 56. h6 d3 57. Rd5+ Ke6 58. Rd8 Ra7 59. Kg4 Rd7 60. Rxd7 Kxd7 61. h7 d2 62. h8Q d1Q+ 63. Kg5 Qf3 64. Qd4+ Ke6 65. Qc4+ 1/2-1/2

[Event "Benidorm op U2300 18th"]
[Site "Benidorm"]
[Date "2019.12.03"]
[Round "5"]
[White "Levay, Sorin"]
[Black "Scherer, Helmut"]
[Result "1-0"]
[WhiteElo "2170"]
[BlackElo "2278"]
[PlyCount "49"]
[EventDate "2019.11.29"]
[EventType "swiss"]
[EventRounds "10"]
[EventCountry "ESP"]
[SourceTitle "EXT 2022"]
[Source "ChessBase"]
[SourceDate "2021.10.06"]
[SourceVersion "1"]
[SourceVersionDate "2021.10.06"]
[SourceQuality "1"]

1. e4 e5 2. Nf3 Nc6 3. Nc3 Nf6 4. a3 d5 5. Bb5 Nxe4 6. Qe2 Qd6 7. Nxd5 Qxd5 8. c4 Qd6 9. Qxe4 Bd7 10. d4 f5 11. Qe2 e4 12. d5 Be7 13. dxc6 bxc6 14. Ba4 exf3 15. Qxf3 Qe5+ 16. Kf1 0-0 17. Bd2 Qxb2 18. Bc3 Qb6 19. h4 Bf6 20. Kg1 Qa6 21. Bb3 Be6 22. h5 h6 23. Re1 Bxc4 24. Bxf6 Rxf6 25. Qd3 1-0

[Event "Benidorm op U2300 18th"]
[Site "Benidorm"]
[Date "2019.12.02"]
[Round "4"]
[White "Sawant, Akshay"]
[Black "Levay, Sorin"]
[Result "0-1"]
[WhiteElo "1793"]
[BlackElo "2170"]
[PlyCount "48"]
[EventDate "2019.11.29"]
[EventType "swiss"]
[EventRounds "10"]
[EventCountry "ESP"]
[SourceTitle "EXT 2022"]
[Source "ChessBase"]
[SourceDate "2021.10.06"]
[SourceVersion "1"]
[SourceVersionDate "2021.10.06"]
[SourceQuality "1"]

1. e4 c6 2. c4 d5 3. exd5 Nf6 4. Nc3 cxd5 5. d4 e6 6. Nf3 Bb4 7. Qa4+ Nc6 8. Ne5 Qa5 9. Qxa5 Bxa5 10. Nxc6 bxc6 11. Bd2 0-0 12. c5 e5 13. dxe5 Re8 14. f4 Rb8 15. 0-0-0 Nd7 16. Ne4 Bxd2+ 17. Nxd2 Nxc5 18. Nf3 Bg4 19. Be2 Rb4 20. g3 Reb8 21. Rd2 Ra4 22. Rf1 Rxa2 23. Kb1 Ra4 24. Nh4 Nb3 0-1

[Event "HUN-chT2 Erkel 1819"]
[Site "Hungary"]
[Date "2019.04.28"]
[Round "9.3"]
[White "Levay, Sorin"]
[Black "Horvath, Andras"]
[Result "0-1"]
[WhiteElo "2149"]
[BlackElo "2310"]
[PlyCount "30"]
[EventDate "2018.10.28"]
[EventType "team-tourn"]
[EventRounds "9"]
[EventCountry "HUN"]
[SourceTitle "EXT 2021"]
[Source "ChessBase"]
[SourceDate "2020.10.23"]
[SourceVersion "1"]
[SourceVersionDate "2020.10.23"]
[SourceQuality "1"]
[WhiteTeam "Gyongyos Energia"]
[BlackTeam "Budapest EAC"]
[WhiteTeamCountry "HUN"]
[BlackTeamCountry "HUN"]

1. Nf3 Nf6 2. g3 b6 3. Bg2 Bb7 4. c4 g6 5. b3 Bg7 6. Bb2 0-0 7. 0-0 c5 8. d4 cxd4 9. Qxd4 d6 10. Nbd2 Nh5 11. Qh4 Bxb2 12. g4 Bf6 13. Ng5 Bxg2 14. gxh5 Bxg5 15. Qxg5 Bb7 0-1

[Event "SVK-chT1W 1819"]
[Site "Slovakia"]
[Date "2019.02.23"]
[Round "8.2"]
[White "Farkas, Gabor"]
[Black "Levay, Sorin"]
[Result "0-1"]
[WhiteElo "2361"]
[BlackElo "2242"]
[PlyCount "130"]
[EventDate "2018.10.27"]
[EventType "team-tourn"]
[EventRounds "11"]
[EventCountry "SVK"]
[SourceTitle "CBM 189 Extra"]
[Source "ChessBase"]
[SourceDate "2019.06.03"]
[SourceVersion "1"]
[SourceVersionDate "2019.06.03"]
[SourceQuality "1"]
[WhiteTeam "Gabcikovo MSK"]
[BlackTeam "Nitra ASK"]
[WhiteTeamCountry "SVK"]
[BlackTeamCountry "SVK"]

1. e4 c6 2. d4 d5 3. Nc3 dxe4 4. Nxe4 Nf6 5. Nxf6+ gxf6 6. Nf3 Bg4 7. c3 Nd7 8. Be2 Qc7 9. Be3 e6 10. Nd2 Bxe2 11. Qxe2 Be7 12. 0-0 h5 13. c4 0-0-0 14. Rfb1 f5 15. f4 Nf6 16. b4 Ng4 17. c5 Rhg8 18. Nf3 Bf6 19. h3 Nxe3 20. Qxe3 Rg3 21. Rd1 Rdg8 22. Rd2 Rxh3 23. Rb1 Rhg3 24. b5 h4 25. Kh2 Bg5 26. fxg5 Rxf3+ 27. Qe5 Re3 28. Qxc7+ Kxc7 29. b6+ axb6 30. Rxb6 Rg3 31. Rdb2 Rb8 32. a4 Rxg5 33. a5 Rgg8 34. R6b4 f6 35. R2b3 f4 36. d5 cxd5 37. Rxf4 f5 38. Rb6 Rg4 39. Rf2 Ra8 40. Rxe6 Rxa5 41. Rxf5 Rxc5 42. Rf7+ Kb8 43. Rb6 Rc7 44. Rf2 Rd7 45. Rd2 Rc4 46. Kg1 d4 47. Rb3 Kc8 48. Rh3 d3 49. Rhxd3 Rxd3 50. Rxd3 Kc7 51. Kf2 Kc6 52. Rd8 Kc5 53. Ke3 Kb4 54. Rg8 b5 55. Rg5 Rc3+ 56. Kd4 Rg3 57. Rh5 Rg4+ 58. Kd3 Ka4 59. Kc3 b4+ 60. Kb2 Rxg2+ 61. Kc1 Rh2 62. Rh8 Kb3 63. Rh7 h3 64. Rh8 Rh1+ 65. Kd2 h2 0-1

[Event "HUN-chT2 Erkel 1819"]
[Site "Hungary"]
[Date "2019.01.27"]
[Round "4.3"]
[White "Levay, Sorin"]
[Black "Pal, Geza"]
[Result "1/2-1/2"]
[WhiteElo "2149"]
[BlackElo "2111"]
[PlyCount "68"]
[EventDate "2018.10.28"]
[EventType "team-tourn"]
[EventRounds "9"]
[EventCountry "HUN"]
[SourceTitle "EXT 2021"]
[Source "ChessBase"]
[SourceDate "2020.10.23"]
[SourceVersion "1"]
[SourceVersionDate "2020.10.23"]
[SourceQuality "1"]
[WhiteTeam "Gyongyos Energia"]
[BlackTeam "Fot"]
[WhiteTeamCountry "HUN"]
[BlackTeamCountry "HUN"]

1. e4 d6 2. d4 Nf6 3. Nc3 a6 4. a4 g6 5. f4 Bg7 6. Nf3 0-0 7. Bd3 Nc6 8. 0-0 Bg4 9. Be3 e5 10. d5 exf4 11. dxc6 fxe3 12. cxb7 Ra7 13. h3 Be6 14. Qe2 Rxb7 15. Bxa6 Rxb2 16. Bd3 Nh5 17. Qe1 c5 18. Nd5 Bxd5 19. exd5 Re8 20. a5 c4 21. Bxc4 Rxc2 22. Bb5 e2 23. Rf2 Bc3 24. Bxe8 Bxe1 25. Bxf7+ Kxf7 26. Nxe1+ Kg7 27. Nxc2 Ng3 28. a6 Qb6 29. a7 Ne4 30. a8Q Qxf2+ 31. Kh2 Qf4+ 32. Kg1 Qf2+ 33. Kh2 Qf4+ 34. Kg1 Qf2+ 1/2-1/2

[Event "Benidorm op U2300 17th"]
[Site "Benidorm"]
[Date "2018.12.06"]
[Round "8"]
[White "Levay, Sorin"]
[Black "Amdouni, Zoubaier"]
[Result "0-1"]
[WhiteElo "2187"]
[BlackElo "2267"]
[PlyCount "122"]
[EventDate "2018.11.30"]
[EventType "swiss"]
[EventRounds "10"]
[EventCountry "ESP"]
[SourceTitle "EXT 2022"]
[Source "ChessBase"]
[SourceDate "2021.10.06"]
[SourceVersion "1"]
[SourceVersionDate "2021.10.06"]
[SourceQuality "1"]

1. e4 c5 2. Nf3 Nc6 3. Bb5 e6 4. Bxc6 bxc6 5. d3 Qc7 6. Qe2 e5 7. 0-0 d6 8. Nbd2 Nf6 9. Nc4 Be6 10. b3 h6 11. Bb2 Bxc4 12. bxc4 g5 13. Ne1 Bg7 14. g3 Qd7 15. Ng2 Ng8 16. f4 Ne7 17. Qh5 gxf4 18. Nxf4 0-0 19. Ng2 f5 20. Qh3 Rad8 21. Bc3 fxe4 22. Qxd7 Rxd7 23. dxe4 Rxf1+ 24. Kxf1 d5 25. Rd1 d4 26. Bb2 Nc8 27. Ba3 Nd6 28. Rb1 Nxe4 29. Rb8+ Kh7 30. Ke1 Rf7 31. Nh4 Bf8 32. g4 Nf2 33. Rc8 Nxg4 34. Rxc6 Be7 35. Ng2 Bg5 36. h3 Nh2 37. Bxc5 Nf3+ 38. Kd1 Ng1 39. Ke1 Nxh3 40. Ra6 Rf2 41. Rxa7+ Kg6 42. Ra3 Bd2+ 43. Kd1 Ng5 44. Rg3 Kf5 45. Nh4+ Kf4 46. Rg2 Rxg2 47. Nxg2+ Kg3 48. Be7 Ne4 49. Nh4 Kf2 50. Nf5 Bg5 51. Bb4 Nc3+ 52. Bxc3 dxc3 53. c5 e4 54. c6 Bf4 55. Nd4 e3 56. Ne2 Bc7 57. Nxc3 Ba5 58. Ne2 h5 59. Nf4 h4 60. c3 Bc7 61. Nh3+ Kf1 0-1

[Event "Benidorm op U2300 17th"]
[Site "Benidorm"]
[Date "2018.12.02"]
[Round "3"]
[White "Levay, Sorin"]
[Black "Lopez del Alamo, Antonio"]
[Result "1-0"]
[WhiteElo "2187"]
[BlackElo "2241"]
[PlyCount "75"]
[EventDate "2018.11.30"]
[EventType "swiss"]
[EventRounds "10"]
[EventCountry "ESP"]
[SourceTitle "EXT 2022"]
[Source "ChessBase"]
[SourceDate "2021.10.06"]
[SourceVersion "1"]
[SourceVersionDate "2021.10.06"]
[SourceQuality "1"]

1. Nf3 c5 2. g3 Nc6 3. Bg2 g6 4. 0-0 Bg7 5. c3 e5 6. e4 Nge7 7. a3 0-0 8. b4 cxb4 9. axb4 b5 10. Na3 Rb8 11. Qe2 a6 12. d3 d5 13. Be3 d4 14. cxd4 exd4 15. Bf4 Rb6 16. Qd2 Bg4 17. Nc2 Qd7 18. Ra3 f6 19. Qc1 g5 20. Bd2 Ng6 21. Na1 Nce5 22. Nxe5 Nxe5 23. f3 Bh3 24. Qb1 Bxg2 25. Kxg2 f5 26. Bxg5 Rg6 27. Bf4 fxe4 28. fxe4 Qg4 29. Qa2+ Nf7 30. h3 Qc8 31. Nb3 Kh8 32. Nc5 Ne5 33. Qd5 Ng4 34. hxg4 Qxg4 35. Rxa6 Rxa6 36. Nxa6 Qe2+ 37. Rf2 Qxd3 38. Nc5 1-0

[Event "Satu Mare Ferroli op"]
[Site "Satu Mare"]
[Date "2018.10.31"]
[Round "2"]
[White "Levay, Sorin"]
[Black "Secheres, Adrian Simion"]
[Result "1/2-1/2"]
[WhiteElo "2187"]
[BlackElo "2388"]
[PlyCount "52"]
[EventDate "2018.10.30"]
[EventType "swiss"]
[EventRounds "9"]
[EventCountry "ROU"]
[SourceTitle "CBM 187 Extra"]
[Source "ChessBase"]
[SourceDate "2018.11.04"]
[SourceVersion "1"]
[SourceVersionDate "2018.11.04"]
[SourceQuality "1"]

1. e4 c5 2. Nf3 e6 3. d3 Nc6 4. g3 Nge7 5. Bg2 g6 6. 0-0 Bg7 7. Re1 d6 8. c3 e5 9. a3 0-0 10. b4 b6 11. Nbd2 h6 12. Bb2 Be6 13. Nb3 Rc8 14. Rb1 f5 15. exf5 gxf5 16. b5 Nb8 17. Nbd2 Ng6 18. c4 Nd7 19. a4 Nf6 20. a5 Rc7 21. axb6 axb6 22. Ra1 Re7 23. Qc2 Rfe8 24. Nf1 Qc7 25. N3d2 Rf7 26. Ra6 Kh7 1/2-1/2

[Event "Satu Mare Ferroli op"]
[Site "Satu Mare"]
[Date "2018.10.30"]
[Round "1"]
[White "Marchis, Arghil"]
[Black "Levay, Sorin"]
[Result "0-1"]
[WhiteElo "1838"]
[BlackElo "2187"]
[PlyCount "96"]
[EventDate "2018.10.30"]
[EventType "swiss"]
[EventRounds "9"]
[EventCountry "ROU"]
[SourceTitle "CBM 187 Extra"]
[Source "ChessBase"]
[SourceDate "2018.11.04"]
[SourceVersion "1"]
[SourceVersionDate "2018.11.04"]
[SourceQuality "1"]

1. d4 Nf6 2. Nf3 c5 3. c3 cxd4 4. cxd4 d5 5. Bf4 Nc6 6. e3 Qb6 7. Qb3 e6 8. Qxb6 axb6 9. Bb5 Bd7 10. Bxc6 bxc6 11. 0-0 Ne4 12. Nbd2 Nxd2 13. Nxd2 f6 14. h4 Be7 15. a3 Kf7 16. Bg3 c5 17. Rac1 Rhc8 18. Rfe1 c4 19. Nb1 b5 20. Nc3 Ra7 21. e4 Bc6 22. exd5 exd5 23. Bf4 b4 24. axb4 Bxb4 25. Bd2 Rb7 26. Ra1 Rcb8 27. Ra2 Bd6 28. Nd1 Bd7 29. g3 Bg4 30. Bc3 Bf3 31. Ne3 g6 32. Nf1 h5 33. Nd2 Bg4 34. Ra5 Rb5 35. Ra7+ R8b7 36. Rea1 Ke6 37. Kg2 Bf5 38. Nf1 Be4+ 39. f3 Rxb2+ 40. Nd2 Rxa7 41. Rxa7 Rc2 42. fxe4 Rxc3 43. exd5+ Kxd5 44. Nf3 Ke4 45. Nd2+ Kd3 46. Nf3 Rc2+ 47. Kh3 Rf2 48. Rd7 Rxf3 0-1

[Event "Levice op"]
[Site "Levice"]
[Date "2018.08.04"]
[Round "5"]
[White "Berek, Geza"]
[Black "Levay, Sorin"]
[Result "1/2-1/2"]
[WhiteElo "2234"]
[BlackElo "2184"]
[PlyCount "22"]
[EventDate "2018.08.02"]
[EventType "swiss"]
[EventRounds "7"]
[EventCountry "SVK"]
[SourceTitle "CBM 185 Extra"]
[Source "ChessBase"]
[SourceDate "2018.07.29"]
[SourceVersion "1"]
[SourceVersionDate "2018.07.29"]
[SourceQuality "1"]

1. e4 c6 2. d4 d5 3. exd5 cxd5 4. Bd3 Nc6 5. c3 Qc7 6. Ne2 Nf6 7. Bf4 Qb6 8. Qb3 Qxb3 9. axb3 e6 10. Nd2 Bd7 11. 0-0 a6 1/2-1/2

[Event "HUN-chT2 Erkel 1718"]
[Site "Hungary"]
[Date "2018.05.06"]
[Round "11.3"]
[White "Levay, Sorin"]
[Black "Papp, Gellert"]
[Result "1/2-1/2"]
[WhiteElo "2117"]
[BlackElo "2337"]
[PlyCount "38"]
[EventDate "2017.09.24"]
[EventType "team-tourn"]
[EventRounds "11"]
[EventCountry "HUN"]
[SourceTitle "EXT 2021"]
[Source "ChessBase"]
[SourceDate "2020.10.23"]
[SourceVersion "1"]
[SourceVersionDate "2020.10.23"]
[SourceQuality "1"]
[WhiteTeam "Gyongyos Energia"]
[BlackTeam "Szigetszentmiklos"]
[WhiteTeamCountry "HUN"]
[BlackTeamCountry "HUN"]

1. e4 c5 2. Nf3 d6 3. Bb5+ Nd7 4. d4 a6 5. Bxd7+ Bxd7 6. dxc5 dxc5 7. Ne5 e6 8. Qxd7+ Qxd7 9. Nxd7 Kxd7 10. Nd2 Bd6 11. a4 b6 12. Nc4 Bc7 13. Bg5 f6 14. Bh4 Nh6 15. Bg3 Bxg3 16. hxg3 Kc6 17. Ke2 Nf7 18. Rhd1 Rhd8 19. Rxd8 Rxd8 1/2-1/2

[Event "Benidorm op U2300 16th"]
[Site "Benidorm"]
[Date "2017.12.04"]
[Round "4"]
[White "Amdouni, Zoubaier"]
[Black "Levay, Sorin"]
[Result "1/2-1/2"]
[WhiteElo "2272"]
[BlackElo "2196"]
[PlyCount "75"]
[EventDate "2017.12.01"]
[EventType "swiss"]
[EventRounds "10"]
[EventCountry "ESP"]
[SourceTitle "EXT 2019"]
[Source "ChessBase"]
[SourceDate "2018.10.10"]
[SourceVersion "1"]
[SourceVersionDate "2018.10.10"]
[SourceQuality "1"]

1. e4 c6 2. d4 d5 3. e5 Bf5 4. h4 h6 5. Ne2 e6 6. Ng3 Bh7 7. Bd3 Bxd3 8. Qxd3 Qa5+ 9. Nd2 Qa6 10. c4 Bb4 11. b3 Nd7 12. 0-0 Nb6 13. Qc2 Ne7 14. c5 Bxd2 15. Bxd2 Nd7 16. a4 g6 17. b4 Nf5 18. Nxf5 gxf5 19. b5 cxb5 20. Qd3 b4 21. Qxa6 bxa6 22. Bxb4 Nb8 23. Rab1 Nc6 24. Bc3 0-0-0 25. Rb2 Kc7 26. Rfb1 Rb8 27. Rxb8 Nxb8 28. Ba5+ Kc8 29. Bd2 Nc6 30. Be3 h5 31. f3 Rg8 32. Kf2 Kc7 33. g3 Rg6 34. Rg1 Rg8 35. Rb1 Rg6 36. Rg1 Rg8 37. Rb1 Rg6 38. Ke1 1/2-1/2

[Event "Benidorm op U2300 16th"]
[Site "Benidorm"]
[Date "2017.12.03"]
[Round "3"]
[White "Levay, Sorin"]
[Black "Olhovik, Andrei"]
[Result "1/2-1/2"]
[WhiteElo "2196"]
[BlackElo "2299"]
[PlyCount "97"]
[EventDate "2017.12.01"]
[EventType "swiss"]
[EventRounds "10"]
[EventCountry "ESP"]
[SourceTitle "EXT 2019"]
[Source "ChessBase"]
[SourceDate "2018.10.10"]
[SourceVersion "1"]
[SourceVersionDate "2018.10.10"]
[SourceQuality "1"]

1. e4 c5 2. Nf3 Nc6 3. Bb5 g6 4. 0-0 Bg7 5. Re1 Nf6 6. e5 Nd5 7. Nc3 Nc7 8. Bxc6 dxc6 9. Ne4 b6 10. Nf6+ Kf8 11. Ne4 Bg4 12. d3 Bxe5 13. Nxe5 Bxd1 14. Bh6+ Kg8 15. Nxc6 Bxc2 16. Nxd8 Rxd8 17. b4 Nd5 18. bxc5 f6 19. cxb6 axb6 20. Rac1 Bxd3 21. Nc3 Kf7 22. Nxd5 Rxd5 23. Rc7 Re8 24. Be3 Ra5 25. Bxb6 Rxa2 26. Bc5 Re2 27. Rxe2 Bxe2 28. f4 h5 29. Kf2 Bb5 30. h4 Ke6 31. g3 Bd7 32. Ba7 Ra8 33. Bc5 Ra2+ 34. Ke3 Rc2 35. Bb6 Rg2 36. Kf3 Rb2 37. Bc5 Ba4 38. Rxe7+ Kf5 39. Rf7 Bc6+ 40. Ke3 Rb3+ 41. Kd4 Be4 42. Kc4 Rxg3 43. Bd4 Kxf4 44. Bxf6 Bf5 45. Re7 Kg4 46. Re1 Kh3 47. Kd4 Rg4+ 48. Ke5 Ra4 49. Bg5 1/2-1/2

[Event "HUN-chT2 Erkel 1718"]
[Site "Hungary"]
[Date "2017.09.24"]
[Round "1.2"]
[White "Levay, Sorin"]
[Black "Nogrady, Vilmos"]
[Result "1-0"]
[WhiteElo "2117"]
[BlackElo "2143"]
[PlyCount "87"]
[EventDate "2017.09.24"]
[EventType "team-tourn"]
[EventRounds "11"]
[EventCountry "HUN"]
[SourceTitle "EXT 2021"]
[Source "ChessBase"]
[SourceDate "2020.10.23"]
[SourceVersion "1"]
[SourceVersionDate "2020.10.23"]
[SourceQuality "1"]
[WhiteTeam "Gyongyos Energia"]
[BlackTeam "Fot"]
[WhiteTeamCountry "HUN"]
[BlackTeamCountry "HUN"]

1. Nf3 Nf6 2. g3 b6 3. Bg2 Bb7 4. c4 e6 5. 0-0 Be7 6. d4 0-0 7. d5 exd5 8. Nh4 c6 9. cxd5 cxd5 10. Nf5 Na6 11. Nc3 Nc7 12. Bg5 Re8 13. Bxf6 Bxf6 14. Nd6 Bxc3 15. Nxe8 Qxe8 16. bxc3 Bc6 17. e3 Qe6 18. a4 Re8 19. Qd4 f6 20. Rfc1 Qf5 21. Qf4 Qxf4 22. gxf4 Kf7 23. c4 g5 24. fxg5 Rg8 25. h4 fxg5 26. h5 Ke6 27. a5 b5 28. cxb5 Nxb5 29. Rab1 Nd6 30. Rb4 g4 31. Kf1 Ne4 32. Ke2 Nd6 33. Rxg4 Rb8 34. Rg7 Rb2+ 35. Ke1 Bb5 36. Bf3 Ne4 37. Bxe4 dxe4 38. Rc5 a6 39. Rxh7 Rb1+ 40. Kd2 Rb2+ 41. Rc2 Rb3 42. h6 Bd3 43. Rg7 Rb1 44. h7 1-0

[Event "HUN-chT2 Erkel 1617"]
[Site "Hungary"]
[Date "2016.10.30"]
[Round "3.1"]
[White "Urhegyi, Marton"]
[Black "Levay, Sorin"]
[Result "1-0"]
[WhiteElo "2208"]
[BlackElo "2217"]
[PlyCount "101"]
[EventDate "2016.09.25"]
[EventType "team-tourn"]
[EventRounds "11"]
[EventCountry "HUN"]
[SourceTitle "EXT 2021"]
[Source "ChessBase"]
[SourceDate "2020.10.23"]
[SourceVersion "1"]
[SourceVersionDate "2020.10.23"]
[SourceQuality "1"]
[WhiteTeam "Budapest Kobanya II"]
[BlackTeam "Gyongyos Matra"]
[WhiteTeamCountry "HUN"]
[BlackTeamCountry "HUN"]

1. e4 d6 2. d4 Nf6 3. Nc3 e5 4. dxe5 dxe5 5. Qxd8+ Kxd8 6. Bg5 Be6 7. g3 h6 8. Bxf6+ gxf6 9. 0-0-0+ Kc8 10. f4 c6 11. Nf3 Bg4 12. Be2 Bb4 13. h3 Bxf3 14. Bxf3 h5 15. fxe5 fxe5 16. Be2 Nd7 17. Rhf1 Rh7 18. Rf5 h4 19. gxh4 Kc7 20. Bg4 Rd8 21. Ne2 f6 22. Rf3 Be7 23. Ng3 Nc5 24. Rxd8 Bxd8 25. h5 b5 26. c3 Nb7 27. Bf5 Rh8 28. Bg6 Nd6 29. Kc2 a6 30. Nf1 Kd7 31. Ne3 Ke6 32. Nf5 Be7 33. h6 Bf8 34. Nxd6 Rxh6 35. Nxb5 Rxg6 36. Nc7+ Kf7 37. Nxa6 Rg2+ 38. Kb3 Re2 39. Nb8 Rxe4 40. Nxc6 Bd6 41. a4 Rh4 42. a5 e4 43. Re3 f5 44. Nd4 Kf6 45. Kc4 Rh8 46. b4 Rc8+ 47. Kd5 Bf4 48. Re2 Be5 49. Nc6 Bxc3 50. b5 Be5 51. b6 1-0

[Event "Corund Ceramica op 2nd"]
[Site "Corund"]
[Date "2016.09.18"]
[Round "6"]
[White "Nester, Ihor"]
[Black "Levay, Sorin"]
[Result "1/2-1/2"]
[WhiteElo "2346"]
[BlackElo "2217"]
[PlyCount "71"]
[EventDate "2016.09.14"]
[EventType "swiss"]
[EventRounds "7"]
[EventCountry "ROU"]
[SourceTitle "CBM 174 Extra"]
[Source "ChessBase"]
[SourceDate "2016.10.10"]
[SourceVersion "1"]
[SourceVersionDate "2016.10.10"]
[SourceQuality "1"]

1. Nf3 c5 2. c4 Nc6 3. d4 cxd4 4. Nxd4 g6 5. e4 Nf6 6. Nc3 Nxd4 7. Qxd4 d6 8. f3 Bg7 9. Be3 0-0 10. Qd2 Be6 11. Be2 Qa5 12. Nd5 Qxd2+ 13. Kxd2 Nxd5 14. exd5 Bd7 15. Rac1 a6 16. b4 a5 17. b5 Bb2 18. Rc2 Ba3 19. g4 Bb4+ 20. Kd1 f5 21. h4 fxg4 22. fxg4 Bc5 23. Bxc5 dxc5 24. g5 Rf4 25. h5 Bf5 26. Rd2 Rd8 27. hxg6 Bxg6 28. Rh3 b6 29. Re3 Kf8 30. Rf3 Rxf3 31. Bxf3 Rd6 32. Bg4 Bf7 33. Rf2 Kg7 34. Re2 Kf8 35. Rf2 Kg7 36. Re2 1/2-1/2

[Event "Corund Ceramica op 2nd"]
[Site "Corund"]
[Date "2016.09.17"]
[Round "5"]
[White "Levay, Sorin"]
[Black "Kristofori, Attila"]
[Result "1-0"]
[WhiteElo "2217"]
[BlackElo "2082"]
[PlyCount "128"]
[EventDate "2016.09.14"]
[EventType "swiss"]
[EventRounds "7"]
[EventCountry "ROU"]
[SourceTitle "CBM 174 Extra"]
[Source "ChessBase"]
[SourceDate "2016.10.10"]
[SourceVersion "1"]
[SourceVersionDate "2016.10.10"]
[SourceQuality "1"]

1. Nf3 d5 2. g3 Nf6 3. Bg2 c6 4. 0-0 Bf5 5. d3 e6 6. c3 Be7 7. Qb3 Qb6 8. Be3 Qa6 9. h3 h6 10. a4 Nbd7 11. Nbd2 Bc5 12. Bxc5 Nxc5 13. Qa3 b6 14. Nd4 Qc8 15. b4 Nb7 16. b5 c5 17. Nxf5 exf5 18. c4 Qd7 19. Qa2 Rd8 20. cxd5 Nxd5 21. Nc4 0-0 22. Ne5 Qe6 23. Nc6 Nc3 24. Qxe6 fxe6 25. Nxd8 Nxe2+ 26. Kh2 Nxd8 27. a5 Nf7 28. axb6 axb6 29. Ra6 Rb8 30. Rfa1 Nd6 31. Ra8 Rxa8 32. Rxa8+ Kf7 33. Bc6 Nd4 34. Rb8 N6xb5 35. Bxb5 Nxb5 36. Rxb6 Nd4 37. f4 Nf3+ 38. Kh1 g5 39. Rb1 gxf4 40. gxf4 Ke7 41. Kg2 Nh4+ 42. Kg3 Ng6 43. Rb7+ Kf6 44. Rb6 Kf7 45. Rc6 e5 46. Rxc5 Nxf4 47. Rxe5 Nxd3 48. Rxf5+ Kg6 49. Rd5 Nb4 50. Rd6+ Kh5 51. h4 Nc6 52. Rd5+ Kg6 53. h5+ Kf7 54. Kg4 Ke6 55. Rb5 Ne5+ 56. Kf4 Nf7 57. Ra5 Nd6 58. Ra6 Kd5 59. Ra1 Ke6 60. Rg1 Nf7 61. Rg6+ Ke7 62. Ra6 Kf8 63. Kf5 Kg7 64. Ra7 Kg8 1-0

[Event "Corund Ceramica op 2nd"]
[Site "Corund"]
[Date "2016.09.15"]
[Round "2"]
[White "Voda, Costel"]
[Black "Levay, Sorin"]
[Result "0-1"]
[WhiteElo "1960"]
[BlackElo "2217"]
[PlyCount "70"]
[EventDate "2016.09.14"]
[EventType "swiss"]
[EventRounds "7"]
[EventCountry "ROU"]
[SourceTitle "CBM 174 Extra"]
[Source "ChessBase"]
[SourceDate "2016.10.10"]
[SourceVersion "1"]
[SourceVersionDate "2016.10.10"]
[SourceQuality "1"]

1. e4 d6 2. Bc4 Nf6 3. d3 c6 4. c3 d5 5. exd5 cxd5 6. Bb5+ Bd7 7. Bxd7+ Nbxd7 8. Nf3 e6 9. Bf4 Qb6 10. Qb3 Qxb3 11. axb3 Nc5 12. Ke2 Nxb3 13. Ra2 Nc5 14. Nbd2 Ncd7 15. Rha1 a6 16. Bg5 Rc8 17. Bxf6 gxf6 18. d4 Bd6 19. g3 Ke7 20. Nh4 Nf8 21. f4 Ng6 22. Ndf3 f5 23. Re1 Kd7 24. Kd3 Nxh4 25. Nxh4 h5 26. b3 Kc7 27. c4 dxc4+ 28. bxc4 Rhd8 29. Kc3 Kd7 30. Rb1 Rc7 31. Rab2 Kc8 32. c5 Be7 33. Nf3 Bf6 34. Kc4 b5+ 35. Kd3 Rxc5 0-1